000 00885cab a2200277 4500
001 WB3202-07
008 090401t1996 xxu||||| |||| 00| 0 eng d
035 _a(Sirsi) u58856
041 _aeng
245 _aGovernment to sell more property
260 _c1996
350 _a0
490 _aIndependent
_v8 January 1996, 18(2)
520 _aMore government departments are to reduce their property portfolios by selling many of their prime sites in London. (See also WB3201-07)
650 _aDEPARTMENT OF THE ENVIRONMENT
650 _aDEPARTMENT OF TRANSPORT
650 _aPROPERTY-PROPERTY ACQUISITION AND DISPOSAL
650 _aGOVERNMENT BUILDINGS
650 _aMINISTRY OF DEFENCE
650 _aPROPERTY PORTFOLIO
650 _aREDUNDANT BUILDINGS
650 _aSURPLUS PROPERTY
690 _aPROPERTY-COMMERCIAL PROPERTY
942 _n0
948 _c04/03/1997
999 _c35992
_d35992